| 000 | 00650nam a22001937a 4500 | ||
|---|---|---|---|
| 005 | 20251108175033.0 | ||
| 008 | 250721s2007 xx 000 0 ara d | ||
| 082 | 1 | 4 | _aم/370.19/بور |
| 100 | 1 | _aبورديو، بيار | |
| 245 | 1 | 0 | _aإعادة الإنتاج في سبيل نظرية عامة لنسق التعليم / |
| 264 | 1 |
_aبيروت : _bالمنظمة العربية للترجمة، _c2007. |
|
| 300 | _a428ص. | ||
| 650 | 1 | 7 | _aعلم الاجتماع النفسي التربوي |
| 650 | 1 | 7 | _aالفلسفة |
| 650 | 1 | 7 | _aالتعليم |
| 700 | 1 |
_aتريمش، ماهر _eمترجم |
|
| 942 |
_2ddc _cREF |
||
| 999 |
_c124550 _d124550 |
||